000 00555nam a22001937a 4500
003 OSt
005 20160521143837.0
008 160521b xxu||||| |||| 00| 0 eng d
020 _a971-93317-04
040 _cLIC
082 _22006
_aDFil 425
_bF61m
100 _98721
_aFlauta, Romeo A.
245 _aMaster English grammar in 28 days/
_cRomeo A. Flauta
260 _aQuezon City:
_bKadena Press, Inc.,
_cc2006.
300 _a243 pages:
_billustrations;
_c22 cm.
365 _b475.00
_cPhp
650 0 _98723
_aEnglish language
_xGrammar
942 _2ddc
_cDFIL
999 _c2649
_d2649